Loading...
| Mythology | 0 | 3 | 0 | 0 | 30 | 50 | 72.67 | 0 | 1 | 13.54 | 22.73 |
| Science - Other | 0 | 3 | 0 | 0 | 30 | 88 | 92.00 | 0 | 0 | 6.59 | 11.63 |
| Philosophy | 0 | 3 | 1 | 0 | 25 | 69 | 89.33 | 0 | 0 | 7.50 | 16.92 |
| Fine Arts - Classical Music | 0 | 2 | 0 | 1 | 20 | 86 | 97.00 | 0 | 1 | 4.85 | 17.73 |
| Fine Arts - Painting and Sculpture | 0 | 2 | 0 | 0 | 20 | 97 | 98.00 | 0 | 0 | 2.05 | 9.77 |
| Literature - European | 0 | 2 | 0 | 0 | 20 | 52 | 70.00 | 0 | 0 | 9.89 | 13.75 |
| Religion | 0 | 2 | 0 | 2 | 20 | 113 | 125.00 | 0 | 0 | 0.00 | 3.33 |
| Science - Physics | 0 | 2 | 0 | 0 | 20 | 47 | 65.50 | 0 | 1 | 9.83 | 17.23 |
| Science - Chemistry | 0 | 2 | 1 | 0 | 15 | 36 | 46.50 | 0 | 2 | 14.06 | 20.74 |
| Geography | 0 | 1 | 0 | 1 | 10 | 101 | 101.00 | 0 | 0 | 0.00 | 2.27 |
| Popular Culture | 0 | 1 | 0 | 0 | 10 | 92 | 92.00 | 0 | 0 | 4.09 | 7.50 |
| Social Science | 0 | 1 | 0 | 0 | 10 | 76 | 76.00 | 0 | 0 | 4.33 | 6.00 |
| Literature - World | 0 | 1 | 0 | 0 | 10 | 89 | 89.00 | 0 | 0 | 3.15 | 4.17 |
| Literature - British | 0 | 1 | 0 | 0 | 10 | 90 | 90.00 | 0 | 0 | 2.63 | 3.41 |
| Fine Arts - Other | 0 | 1 | 0 | 0 | 10 | 126 | 126.00 | 0 | 0 | 0.00 | 2.08 |
| History - World | 0 | 1 | 0 | 0 | 10 | 102 | 102.00 | 0 | 0 | 0.80 | 4.55 |
| Science - Biology | 0 | 1 | 2 | 1 | 0 | 110 | 110.00 | 0 | 0 | 0.00 | 2.08 |
| History - Other | 0 | 1 | 2 | 0 | 0 | 88 | 88.00 | 0 | 0 | 2.59 | 4.17 |